000 00507nam a22001937a 4500
003 OSt
008 250320b |||||||| |||| 00| 0 eng d
082 _a633.11
_bS48I
100 _aSinha, Birendra Kumar.
245 _aImpact of Site on Wheat Cultivation /
_cby Birendra Kumar Sinha
260 _a.- Dholi, Muzaffarpur
_b: TCA
_c, 1977
300 _a60p.
502 _bM.Sc.
650 _aExtension Education
650 _aWheat- Cultivation
650 _aThesis
650 _aM.Sc.
942 _2ddc
_cT
999 _c47725
_d47725